| 000 | 02141ncm0a22003851 4500 | ||
|---|---|---|---|
| 001 | RU\NLR\ONIZ\216694 | ||
| 005 | 20250626062325.0 | ||
| 035 | _aRU\NLR\ONIZ\Таня\5000003945\20170314163736 | ||
| 035 | _a(NLR Aleph) 011414214 | ||
| 090 |
_a11574277 _c11574277 |
||
| 100 | _a20170314d2005 |||y0rusy50 ca | ||
| 101 | 0 |
_aeng _arus |
|
| 102 | _aRU | ||
| 125 | _azx | ||
| 145 | 0 | _ab | |
| 200 | 1 |
_aСеверная рапсодия _bНоты _dNorthern rhapsody _zeng _eпьесы для фп. скандинав. композиторов _e4-7 кл. ДМШ _fсост. Е. Иванова, Н. Тараканова |
|
| 210 |
_aСанкт-Петербург _cСоюз художников _d2005 |
||
| 215 |
_a35 с. _d29 см |
||
| 300 | _aБиогр. справки: С. 31-35 | ||
| 313 | _aСистематизация документа проведена по изданию - Методика классифицирования музыкальных произведений (нотных изданий) по таблицам Библиотечно-библиографических классификаций : метод. рекомендации / Гос. б-ка СССР им. В.И. Ленина.- М., 1977. Индексу ББК методических рекомендаций присваивается код ББК для научных библиотек - LBC/SL | ||
| 606 | 1 |
_aПьесы для фортепиано скандинавских композиторов _jНоты _2nlr_sh |
|
| 606 | 1 |
_aКомпозиторы скандинавских стран детям _jНоты _2nlr_sh |
|
| 686 |
_aЩ954.298я43(411) _vLBC/SL _2rubbk |
||
| 700 | 1 |
_9z03790 _aИванова _bЕ. Л. _gЕлена Леонидовна _4220 |
|
| 701 | 1 |
_9z04790 _aТараканова _bН. _4220 |
|
| 790 | 1 |
_9z03700 _aIvanova _bE. L. _gElena Leonidovna _4220 |
|
| 790 | 1 |
_9z04701 _aTarakanova _bN. _4220 |
|
| 801 | 0 |
_aRU _bNLR _c20170314 _gPSBO |
|
| 801 | 1 |
_aRU _bNLR _c20170314 _2rusmarc |
|
| 801 | 2 |
_aRU _bNLR _c20170403 |
|
| 852 |
_aNLR _bМ _jК-3/26238 _p278577 _t1 |
||
| 942 | _cSCORE | ||
| 980 | _aNB | ||
| 980 | _aONIZ | ||